Library Banner

Meyar-e-hunar (tanqeed, tabsary aur jaizay) = معیار ہنر / (Record no. 113443)

MARC details
000 -LEADER
fixed length control field 00489nam a22001457a 4500
005 - DATE AND TIME OF LATEST TRANSACTION
control field 20190803091453.0
008 - FIXED-LENGTH DATA ELEMENTS--GENERAL INFORMATION
fixed length control field 190803b ||||| |||| 00| 0 eng d
040 ## - CATALOGING SOURCE
Transcribing agency PK-LaUMT
082 ## - DEWEY DECIMAL CLASSIFICATION NUMBER
Classification number MSC 801.95
Item number HAS-M
100 ## - MAIN ENTRY--PERSONAL NAME
Personal name Hassan Askari Kazmi = حسن عسکری کاظمی
245 ## - TITLE STATEMENT
Title Meyar-e-hunar (tanqeed, tabsary aur jaizay) = معیار ہنر /
Statement of responsibility, etc by Hassan Askari Kazmi = حسن عسکری کاظمی
260 ## - PUBLICATION, DISTRIBUTION, ETC. (IMPRINT)
Place of publication, distribution, etc Lahore :
Name of publisher, distributor, etc Izhar Sons,
Date of publication, distribution, etc 2014
300 ## - PHYSICAL DESCRIPTION
Extent 451 p.
942 ## - ADDED ENTRY ELEMENTS (KOHA)
Koha item type Books
Holdings
Withdrawn status Lost status Damaged status Home library Current library Date acquired Full call number Barcode Date last seen Price effective from Koha item type
      UMT Main Campus UMT Main Campus 2019-08-03 MSC 801.95 HAS-M 112535 2019-08-03 2019-08-03 Books